[Event "Merida World Heritage op 2nd"]
[Site "Merida"]
[Date "2022.08.05"]
[Round "6"]
[White "Artozqui Irurzun, Ernesto"]
[Black "Pantiga Aguilar, Alejandro"]
[Result "1-0"]
[WhiteElo "1338"]
[BlackElo "1082"]
[PlyCount "41"]
[EventDate "2022.08.02"]
[EventType "swiss"]
[EventRounds "9"]
[EventCountry "ESP"]
[SourceTitle "EXT 2023"]
[Source "ChessBase"]
[SourceDate "2022.10.05"]
[SourceVersion "1"]
[SourceVersionDate "2022.10.05"]
[SourceQuality "1"]

1. c4 e6 2. e4 d5 3. cxd5 exd5 4. e5 Bf5 5. d4 c5 6. Nf3 Nc6 7. Bb5 Bxb1 8. Bxc6+ bxc6 9. Rxb1 Rb8 10. Qa4 Qb6 11. 0-0 Ne7 12. Be3 Nf5 13. dxc5 Bxc5 14. Bxc5 Qxc5 15. Rfc1 Qb5 16. Qf4 Ne7 17. e6 0-0 18. Qd6 Rfe8 19. exf7+ Kxf7 20. Ng5+ Kf8 21. Ne6+ 1-0